[Event "AUT-ch"]
[Site "Austria"]
[Date "1987.??.??"]
[Round "15"]
[White "Titz, Heimo"]
[Black "Roth, Peter"]
[Result "1-0"]
[WhiteElo "2290"]
[BlackElo "2370"]

1.Nf3 g6 2.d4 Bg7 3.c4 Nf6 4.Nc3 O-O 5.e4 d6 6.Be2 e5 7.d5 c5 8.Bg5 h6 9.Bh4 g5
10.Bg3 Nh5 11.h4 Nf4 12.hxg5 hxg5 13.Qc2 f5 14.Bxf4 exf4 15.O-O-O Qf6 16.Bd3 g4
17.Nh4 Na6 18.a3 b5 19.exf5 bxc4 20.Bxc4 Rb8 21.Rde1 Nc7 22.Ng6 Rf7 23.Re6 Qg5
24.Ne4 Qxf5 25.Ne7+ Rxe7 26.Rxe7 Rxb2 27.Rxg7+  1-0

[Event "FRG-ch"]
[Site "Bad Neuenahr"]
[Date "1987.??.??"]
[Round "?"]
[White "Franke, Heribert"]
[Black "Hort, Vlastimil"]
[Result "0-1"]
[WhiteElo "2365"]
[BlackElo "2555"]

1.d4 g6 2.Nf3 Bg7 3.c4 Nf6 4.Nc3 O-O 5.e4 d6 6.Be2 Nbd7 7.O-O e5 8.Qc2 c6
9.d5 a5 10.h3 Qe7 11.Be3 Nh5 12.a3 Nf4 13.b4 f5 14.exf5 Nxe2+ 15.Qxe2 gxf5
16.Rad1 axb4 17.axb4 e4 18.Nd4 Ne5 19.dxc6 bxc6 20.b5 f4 21.Bc1 c5 22.Nc6 Nxc6
23.Nd5 Qh4 24.bxc6 f3 25.gxf3 exf3 26.Qe7 Qxh3 27.Qg5 Kh8 28.Qg3 Be5 29.Qxh3 Bxh3
30.Ne3 Rg8+ 31.Kh1 Rg2  0-1

[Event "Banja Luka"]
[Site "Banja Luka"]
[Date "1987.??.??"]
[Round "13"]
[White "Sibarevic, Milenko"]
[Black "Veroci, Zsuzsa"]
[Result "1/2-1/2"]
[WhiteElo "2405"]
[BlackElo "2415"]

1.c4 g6 2.Nc3 Bg7 3.d4 Nf6 4.e4 d6 5.Be2 O-O 6.Nf3 Nbd7 7.O-O e5 8.Re1 c6
9.h3 exd4 10.Nxd4 Re8 11.Bf1 Nc5 12.Qc2 a5 13.Bf4 Nh5  1/2-1/2

[Event "Bath zt"]
[Site "Bath"]
[Date "1987.??.??"]
[Round "?"]
[White "Le Blancq, Simon"]
[Black "Botterill, George Steven"]
[Result "0-1"]
[WhiteElo "2285"]
[BlackElo "2370"]

1.d4 Nf6 2.Nf3 g6 3.c4 Bg7 4.Nc3 O-O 5.e4 d6 6.Be2 e5 7.dxe5 dxe5 8.Qxd8 Rxd8
9.Nd5 Nxd5 10.cxd5 c6 11.Bc4 cxd5 12.Bxd5 Nd7 13.Ng5 Rf8 14.Be3 h6 15.Nxf7 Rxf7
16.Rc1 Nf8 17.Bxf7+ Kxf7 18.O-O Ne6 19.Bxa7 Rxa7 20.Rxc8 Rxa2 21.Rb1 Bf8
22.Rb8 Ra7 23.g3 Bc5 24.Kg2 b6 25.Rd1 Bd4 26.Rd2 Ra4 27.Rb7+ Kf6 28.Rd3 Ng5
29.h4 Nxe4 30.Rf3+ Ke6 31.Rg7 Rb4 32.Rxg6+ Kd5 33.b3 Nc5 34.Rxh6 Nxb3 35.h5 Nd2
36.Rf7 Rb2 37.Rhf6 Ne4 38.Rd7+ Kc4 39.Rc7+ Kb5 40.Rf5 Nxf2 41.Kf1 Ng4 42.Rg5 Nh2+  0-1

[Event "Bath zt"]
[Site "Bath"]
[Date "1987.??.??"]
[Round "?"]
[White "Condie, Mark L"]
[Black "Mestel, A Jonathan"]
[Result "0-1"]
[WhiteElo "2415"]
[BlackElo "2520"]

1.Nf3 Nf6 2.c4 g6 3.Nc3 Bg7 4.e4 d6 5.d4 O-O 6.Be2 Nbd7 7.O-O e5 8.Be3 c6
9.d5 Qe7 10.Ne1 Ne8 11.f3 f5 12.g4 Qh4 13.Ng2 Qe7 14.b4 c5 15.a3 f4 16.Bf2 h5
17.h3 Bf6 18.Kh2 Rf7 19.Rh1 Rh7 20.Kg1 b6 21.Qd3 a6 22.Kf1 Bg5 23.Ke1 Ndf6
24.Rg1 hxg4 25.fxg4 Ra7 26.bxc5 bxc5 27.Kd1 Qf8 28.Kc2 f3 29.Qxf3 Raf7 30.Qg3 Nxg4
31.Bxg4 Rxf2+ 32.Ne2 Bxg4 33.Qxg4 Nf6 34.Qxg5 Rxe2+ 35.Kd3 Nxe4 36.Qxg6+ Rg7
37.Qxg7+ Kxg7 38.Ne3+ Kh7 39.Kxe2 Qf2+ 40.Kd3 Ng3 41.Nc2 e4+  0-1

[Event "Bath zt"]
[Site "Bath"]
[Date "1987.??.??"]
[Round "?"]
[White "Flear, Glenn C"]
[Black "McNab, Colin Anderson"]
[Result "1/2-1/2"]
[WhiteElo "2495"]
[BlackElo "2415"]

1.d4 d6 2.Nf3 g6 3.c4 Bg7 4.Nc3 Nd7 5.e4 e5 6.Be2 Ngf6 7.O-O O-O 8.Be3 a5
9.Qc2 Ng4 10.Bg5 f6 11.Bd2 exd4 12.Nxd4 Nc5 13.Rad1 f5 14.Bxg4 fxg4 15.Be3 Rf7
16.Nb3 Nxb3 17.Qxb3 Be6 18.Nd5 Be5 19.Bd4 Bxd4 20.Rxd4 Qf8 21.Rd2 b6 22.Re1 Re8
23.Qd1 Bc8 24.Re3  1/2-1/2

[Event "Bath zt"]
[Site "Bath"]
[Date "1987.??.??"]
[Round "?"]
[White "Condie, Mark L"]
[Black "Botterill, George Steven"]
[Result "1/2-1/2"]
[WhiteElo "2415"]
[BlackElo "2370"]

1.Nf3 Nf6 2.c4 g6 3.Nc3 Bg7 4.d4 O-O 5.e4 d6 6.Be2 e5 7.Be3 Ng4 8.Bg5 f6
9.Bh4 Nc6 10.d5 Ne7 11.Nd2 Nh6 12.g4 c5 13.f3 Nf7 14.a3 Bh6 15.Bf2 f5 16.h3 Bf4
17.Qc2 fxg4 18.fxg4 Ng5 19.Nf1 Bd7 20.Ne3 Nc8 21.O-O-O Nb6 22.Kb1 Nf3 23.Bxf3 Bxe3
24.Bxe3 Rxf3 25.Qe2 Qf6 26.Bg5 Qf7 27.Bh6 Rf2 28.Qd3 Rf3  1/2-1/2

[Event "Belgrade (Women)"]
[Site "Belgrade"]
[Date "1987.??.??"]
[Round "9"]
[White "Nutu Gajic, Dana"]
[Black "Matveeva, Svetlana"]
[Result "0-1"]
[WhiteElo "2335"]
[BlackElo "2385"]

1.Nf3 Nf6 2.c4 g6 3.Nc3 Bg7 4.e4 d6 5.d4 O-O 6.Be2 e5 7.Be3 Ng4 8.Bg5 f6
9.Bh4 Nc6 10.d5 Ne7 11.Nd2 Nh6 12.f3 f5 13.b4 Bf6 14.Bf2 Bg5 15.O-O Bxd2
16.Qxd2 f4 17.c5 g5 18.Rac1 Bd7 19.cxd6 cxd6 20.Rc2 Ng6 21.Rfc1 g4 22.fxg4 Bxg4
23.Bf3 Qg5 24.Kh1 Bd7 25.Ne2 Ng4 26.Bxg4 Qxg4 27.Ng1 f3 28.gxf3 Rxf3 29.Qe2 Rf4
30.Qxg4 Bxg4 31.h3 Bd7 32.Rc7 Bb5 33.Bg3 Rxe4 34.Rxb7 Bc4 35.Kh2 Bxd5 36.Rd7 Rxb4
37.Rc2 Be4 38.Rd2 d5 39.Be1 Rb1 40.Bf2 a5 41.Ne2 Rh1+ 42.Kg3 Rf8 43.Ng1 h5
44.Rd6 Ne7 45.Kh4 Nf5+ 46.Kxh5 Nxd6 47.Bc5 Rf5+ 48.Kh4 Rf4+ 49.Kh5 Nf5 50.Rb2 Ng7+
51.Kh6 Rf6+ 52.Kg5 Rg6+ 53.Kh4 Bf5  0-1

[Event "AdW-Turnier"]
[Site "Berlin-Ost"]
[Date "1987.??.??"]
[Round "?"]
[White "Orso, Miklos"]
[Black "Knaak, Rainer"]
[Result "0-1"]
[WhiteElo "2360"]
[BlackElo "2530"]

1.d4 Nf6 2.c4 d6 3.Nc3 Nbd7 4.e4 e5 5.Nf3 g6 6.Be2 Bg7 7.O-O O-O 8.Be3 c6
9.d5 Ng4 10.Bg5 f6 11.Bd2 Qe7 12.b4 f5 13.Ne1 Ndf6 14.f3 Nh6 15.Nd3 cxd5
16.Nxd5 Nxd5 17.cxd5 fxe4 18.fxe4 Rxf1+ 19.Qxf1 Bd7 20.Qf2 Nf7 21.Rf1 b6
22.Qg3 Rc8 23.Rc1 Bh6 24.Rxc8+ Bxc8 25.Bxh6 Nxh6 26.h3 Ba6 27.Nc1 Bxe2 28.Nxe2 Kg7
29.Kh2 Ng8 30.Qe3 h5 31.a3 h4 32.g3 hxg3+ 33.Qxg3 Nf6 34.Qe3 Nh5 35.Ng3 Nf4
36.Nh1 Qc7 37.Nf2 Qc4 38.Kg1 Qc2 39.h4 Qb1+ 40.Kh2 Qf1 41.Qf3 b5 42.Qg3 Ne2
43.Qg2 Qxg2+ 44.Kxg2 Nc3 45.Kf3 Nb1 46.Kg4 Kh6 47.Nd3 Nd2 48.Nf2 a6 49.h5 gxh5+
50.Kf5 Nc4 51.Nd3 h4 52.Kg4 Kg6 53.Kxh4 Nxa3 54.Kg4 Nc4 55.Kf3 Kg5 56.Ne1 Kh4
57.Nd3 Nd2+ 58.Ke3 Nb3 59.Nf2 Kg3 60.Nd3 Kh4 61.Kf3 Nd4+ 62.Ke3 Kg4 63.Kf2 Nb3
64.Ke3 Kg3 65.Ke2 a5 66.bxa5 Nxa5 67.Ke3 Nc4+ 68.Ke2 Nb6 69.Ke3 Nd7 70.Nb4 Nf6
71.Na6 Ng4+ 72.Kd3 Kf3 73.Nc7 Nf2+ 74.Kc3 Kxe4 75.Kb4 Kd4 76.Kxb5 e4 77.Kc6 Ke5
78.Nb5 e3  0-1

[Event "Berlin op"]
[Site "Berlin-West"]
[Date "1987.??.??"]
[Round "?"]
[White "Keilhack, Harald"]
[Black "Kupreichik, Viktor D"]
[Result "0-1"]
[WhiteElo "2335"]
[BlackElo "2500"]

1.Nf3 Nf6 2.d4 g6 3.c4 Bg7 4.Nc3 O-O 5.e4 d6 6.Be2 e5 7.dxe5 dxe5 8.Qxd8 Rxd8
9.Bg5 c6 10.Nxe5 Re8 11.O-O-O Na6 12.f4 h6 13.Bh4 g5 14.fxg5 hxg5 15.Bg3 Nc5
16.Rhe1 Be6 17.Bf1 Nh5 18.Nf3 Nxg3 19.hxg3 Bg4 20.e5 Bxf3 21.gxf3 Bxe5 22.Ne2 Rad8
23.Kc2 Bxb2 24.Kxb2 Nd3+ 25.Kc2 Re3 26.f4 g4 27.Rxd3 Rexd3 28.Nc3 Rxg3 29.Re5 Kf8
30.c5 Rf3 31.Bc4 Rxf4 32.Ne4 Rd4 33.Bd3 Rf3  0-1

[Event "Biel schev"]
[Site "Biel"]
[Date "1987.??.??"]
[Round "?"]
[White "Cramling, Pia"]
[Black "Nemet, Ivan"]
[Result "1-0"]
[WhiteElo "2455"]
[BlackElo "2390"]

1.d4 Nf6 2.c4 g6 3.Nc3 Bg7 4.e4 d6 5.Nf3 O-O 6.Be2 e5 7.dxe5 dxe5 8.Qxd8 Rxd8
9.Bg5 Nbd7 10.O-O-O Rf8 11.Ne1 Nc5 12.f3 Ne6 13.Be3 c6 14.Nc2 h5 15.h4 Kh7
16.b4 Bh6 17.Bxh6 Kxh6 18.c5 Kg7 19.Kb2 Ne8 20.Bc4 a5 21.a3 N6c7 22.Rd2 Be6
23.Ne3 axb4 24.axb4 Nf6 25.Rhd1 Rfe8 26.Bxe6 Nxe6 27.Nc4 Re7 28.Ne2 Ree8
29.Nc1 Ra4 30.Nd3 Rea8 31.Ncxe5 Nd4 32.Nc1 Nb5 33.Ned3 Ra1 34.Ne1 Ne8 35.Nc2 R1a4
36.Rd8 Nec7 37.Rxa8 Rxa8 38.Nb3 Ne6 39.Rd7 b6 40.cxb6 Rb8 41.b7 Nf8 42.Re7 Kf6
43.Ncd4 Na7 44.Na5 Kxe7 45.Ndxc6+  1-0

[Event "Biel schev"]
[Site "Biel"]
[Date "1987.??.??"]
[Round "?"]
[White "Muresan, Margareta"]
[Black "Nemet, Ivan"]
[Result "0-1"]
[WhiteElo "2310"]
[BlackElo "2390"]

1.Nf3 Nf6 2.c4 g6 3.Nc3 Bg7 4.e4 d6 5.d4 O-O 6.Be2 e5 7.O-O Nbd7 8.Re1 c6
9.Bf1 a5 10.Rb1 exd4 11.Nxd4 Re8 12.f3 d5 13.cxd5 cxd5 14.Ndb5 dxe4 15.Nd6 exf3
16.Nxe8 Ng4 17.Qxf3 Bd4+ 18.Be3 Nxe3 19.Kh1 Ne5 20.Qf6 Qxe8 21.Qf4 Nc6 22.Nd5 Bf5
23.Rbc1 Nxd5 24.Rxe8+ Rxe8 25.Qf3 Ne3 26.b3 Be4 27.Qf4 Re6 28.h3 h5 29.Re1 Bd5
30.Rc1 Rf6 31.Qg5 Rf5  0-1

[Event "Brest/Paris m"]
[Site "Brest"]
[Date "1987.??.??"]
[Round "5"]
[White "Renet, Olivier"]
[Black "Polgar, Zsuzsa"]
[Result "1-0"]
[WhiteElo "2455"]
[BlackElo "2495"]

1.d4 Nf6 2.c4 g6 3.Nc3 Bg7 4.e4 d6 5.Nf3 O-O 6.Be3 e5 7.Be2 Ng4 8.Bg5 f6
9.Bh4 Nc6 10.d5 Ne7 11.Nd2 Nh6 12.g4 Nf7 13.Qc2 c5 14.Nf1 h5 15.gxh5 g5 16.Bg3 f5
17.f3 f4 18.Bf2 Bh3 19.Nd2 a6 20.Bf1 Qd7 21.Qd3 Nh6 22.Rg1 Bf6 23.Bxh3 Qxh3
24.Qf1 Qxf1+ 25.Nxf1 Kf7 26.Rb1 Rab8 27.b4 b6 28.Ke2 Rfc8 29.Kd3 Ke8 30.h3 Neg8
31.Nh2 Bd8 32.Ng4 Kd7 33.a3 Nf7 34.Rb3 Nf6 35.Nxf6+ Bxf6 36.Rgb1 Kc7 37.a4 Rh8
38.a5 bxa5 39.bxc5 Rxb3 40.Rxb3 dxc5 41.Na4 Rxh5 42.Nxc5 Nd6 43.Nxa6+ Kd7
44.c5 Rxh3 45.Ke2 g4 46.cxd6 Rh2 47.Kf1 g3 48.Rb7+ Kc8 49.Rc7+ Kd8 50.Bb6 Rb2
51.Rb7+ Kc8 52.Rb8+ Kd7 53.Nc5+  1-0

[Event "Noviki-B"]
[Site "Budapest"]
[Date "1987.??.??"]
[Round "?"]
[White "Groszpeter, Attila"]
[Black "Bilek, Istvan"]
[Result "1-0"]
[WhiteElo "2500"]
[BlackElo "2415"]

1.d4 g6 2.c4 Bg7 3.Nc3 d6 4.e4 Nf6 5.Be2 O-O 6.Nf3 Nbd7 7.O-O e5 8.Be3 Qe7
9.Qc2 Re8 10.d5 Nc5 11.Nb5 Nh5 12.b4 Na6 13.Rab1 b6 14.Rfc1 Nf4 15.Bf1 f5
16.Nc3 fxe4 17.Nxe4 Kh8 18.Rd1 Rb8 19.Qa4 Rf8 20.c5 Bf5 21.Nfd2 Nxd5 22.cxd6 cxd6
23.Bg5 Qf7 24.Qxa6 Nc7 25.Qe2 d5 26.Nd6 Qe6 27.Nxf5 Rxf5 28.Bh4 d4 29.Ne4 Nd5
30.Bg3 Rbf8 31.Rbc1 h5 32.h4 Bh6 33.Ng5 Bxg5 34.hxg5 Rxg5 35.Rxd4 h4 36.Rxh4+ Kg7
37.Re4 Qf5 38.Rxe5  1-0

[Event "Noviki-C"]
[Site "Budapest"]
[Date "1987.??.??"]
[Round "?"]
[White "Serrer, Christoph"]
[Black "Schlosser, Michael"]
[Result "1/2-1/2"]
[WhiteElo "2310"]
[BlackElo "2350"]

1.Nf3 Nf6 2.c4 g6 3.Nc3 Bg7 4.e4 d6 5.d4 O-O 6.Be2 e5 7.dxe5 dxe5 8.Qxd8 Rxd8
9.Bg5 c6 10.Nxe5 Re8 11.O-O-O Na6 12.Nf3 h6 13.Bxf6 Bxf6 14.e5 Bxe5 15.Nxe5 Rxe5
16.Rd8+ Kg7 17.Bg4 f5 18.Bf3 Nc7 19.Rhd1 Re7 20.Ne2 Be6 21.Rxa8 Nxa8 22.b3 Nb6
23.Nf4 Kf6 24.Nd3 Nd7 25.g3 Bf7 26.Kd2 g5 27.Be2 Ne5 28.f4 Nxd3 29.Bxd3 c5
30.Re1  1/2-1/2

[Event "Budel zt"]
[Site "Budel"]
[Date "1987.??.??"]
[Round "?"]
[White "Renet, Olivier"]
[Black "Van der Wiel, John TH"]
[Result "1/2-1/2"]
[WhiteElo "2455"]
[BlackElo "2590"]

1.d4 Nf6 2.c4 g6 3.Nc3 Bg7 4.e4 d6 5.Nf3 O-O 6.Be2 e5 7.Be3 h6 8.dxe5 Ng4
9.Bf4 Nxe5 10.Qd2 Kh7 11.O-O Nbc6 12.Rad1 Be6 13.b3 Nxf3+ 14.Bxf3 Nd4 15.Be2 Qf6
16.Rc1 Nxe2+ 17.Nxe2 Rfd8 18.Be3 Qe7  1/2-1/2

[Event "Buenos Aires BCA"]
[Site "Buenos Aires"]
[Date "1987.??.??"]
[Round "3"]
[White "Tempone, Marcelo"]
[Black "Rodriguez, Alberto2"]
[Result "1-0"]
[WhiteElo "2435"]
[BlackElo "2310"]

1.d4 Nf6 2.c4 g6 3.Nc3 Bg7 4.e4 d6 5.Be2 O-O 6.Nf3 e5 7.d5 c5 8.O-O Nbd7
9.Qc2 Nh5 10.g3 Ndf6 11.Nh4 Bh3 12.Re1 Ng4 13.Nf3 h6 14.Bd3 Qd7 15.Nh4 Bf6
16.Ng2 Bg5 17.f3 Ngf6 18.Nd1 Nh7 19.Nf2 Bxg2 20.Kxg2 f5 21.exf5 gxf5 22.Nh3 Rae8
23.f4 exf4 24.Bxf4 Ng7 25.Qd2 Qd8 26.Rxe8 Rxe8 27.Re1 Rxe1 28.Qxe1 Qf6 29.Qe2 Nf8
30.Qd2 Nh7 31.b3 Qd4 32.Qe2 Qf6 33.Nxg5 hxg5 34.Bc1 Qe5 35.Qf2 Qc3 36.Qe3  1-0

[Event "Buenos Aires BCA"]
[Site "Buenos Aires"]
[Date "1987.??.??"]
[Round "5"]
[White "Bielicki, Carlos"]
[Black "Bronstein, Luis"]
[Result "1/2-1/2"]
[WhiteElo "2270"]
[BlackElo "2410"]

1.d4 Nf6 2.c4 g6 3.Nc3 Bg7 4.e4 d6 5.Nf3 O-O 6.Be2 e5 7.O-O exd4 8.Nxd4 Re8
9.f3 c6 10.Nc2 Na6 11.Kh1 Nc7 12.Be3 d5 13.exd5 cxd5 14.Bf2 dxc4 15.Bxc4 Be6
16.Bxe6 Nxe6 17.Qxd8 Rexd8 18.Rad1 a6  1/2-1/2

[Event "Camaguey-A"]
[Site "Camaguey"]
[Date "1987.??.??"]
[Round "?"]
[White "Garcia Palermo, Carlos"]
[Black "Zapata, Alonso"]
[Result "1-0"]
[WhiteElo "2530"]
[BlackElo "2505"]

1.d4 Nf6 2.Nf3 g6 3.c4 Bg7 4.Nc3 d6 5.e4 O-O 6.Be2 Nbd7 7.O-O e5 8.Qc2 c6
9.Be3 Ng4 10.Bg5 f6 11.Bd2 a5 12.h3 Nh6 13.Rad1 Nf7 14.Be3 Qe7 15.c5 dxc5
16.d5 Bh6 17.Bxh6 Nxh6 18.dxc6 bxc6 19.Rd2 Nf7 20.Na4 Rd8 21.Rc1 Ba6 22.Bxa6 Rxa6
23.Rxd7 Rxd7 24.Nxc5 Rb6 25.Nxd7 Qxd7 26.Nd2 Rb4 27.Nc4 Qd4 28.a3 Rb7 29.Rd1 Qc5
30.h4 Kf8 31.g3 Ke7 32.Kg2 Nd8 33.Qd2 Qxc4 34.Qxd8+ Kf7 35.Qh8 Qxe4+ 36.Kg1 g5
37.Rd8 Kg6 38.Rd6 Qf3 39.h5+ Kxh5 40.Rxf6 Qd1+ 41.Kh2  1-0

[Event "Camaguey-A"]
[Site "Camaguey"]
[Date "1987.??.??"]
[Round "?"]
[White "Garcia Palermo, Carlos"]
[Black "Knaak, Rainer"]
[Result "1/2-1/2"]
[WhiteElo "2530"]
[BlackElo "2505"]

1.d4 Nf6 2.Nf3 g6 3.c4 d6 4.Nc3 Nbd7 5.e4 e5 6.Be2 Bg7 7.O-O O-O 8.Qc2 exd4
9.Nxd4 Re8 10.Be3 Nc5 11.f3 Nh5 12.Qd2 f5 13.exf5 gxf5 14.f4 Nf6 15.Bf3 Nfe4
16.Bxe4 Nxe4 17.Nxe4 Rxe4 18.Rad1 Qe7 19.Rf3 Bd7 20.b3 Kh8 21.h3 Re8 22.Nc2 Bc6
23.Rg3 Re6 24.Bd4 Rg6 25.Rxg6 hxg6 26.Re1 Be4 27.Bxg7+ Kxg7 28.Nd4 Qd7 29.Nb5 a6
30.Nc3 Bc6 31.Qd4+ Kh7 32.Rxe8 Qxe8 33.Kf2 b6 34.Qf6 Bb7 35.g4 fxg4 36.hxg4 b5
37.f5 gxf5 38.Qxf5+ Kg7 39.Qg5+ Kh7 40.Qf5+ Kg7 41.Qg5+ Kh8 42.Nd5 Bxd5 43.cxd5 Kh7
44.b4 Qa8 45.Qe7+ Kg8 46.Qe6+ Kg7 47.Qe7+ Kg8 48.Qg5+ Kh8 49.Qh6+ Kg8 50.Qg6+ Kh8
51.Qf6+ Kg8 52.Qe6+ Kg7 53.Qe4 a5 54.a3 axb4 55.axb4 Qa2+ 56.Kg3 Qd2 57.Qe7+ Kg6
58.Qe6+ Kg7 59.Qe7+ Kg6 60.Qe4+ Kg7 61.Kh3  1/2-1/2

[Event "Copenhagen op"]
[Site "Copenhagen"]
[Date "1987.??.??"]
[Round "1"]
[White "Way, J."]
[Black "Mortensen, Erling"]
[Result "0-1"]
[WhiteElo "2300"]
[BlackElo "2440"]

1.d4 Nf6 2.c4 g6 3.Nc3 Bg7 4.e4 d6 5.Nf3 O-O 6.Be2 e5 7.d5 a5 8.Bg5 h6 9.Bh4 Na6
10.Nd2 Qe8 11.a3 Bd7 12.b3 Nh7 13.f3 h5 14.Bf2 Bh6 15.Rb1 Nc5 16.b4 axb4
17.axb4 Na4 18.Nxa4 Rxa4 19.c5 Ra2 20.Nc4 Ba4 21.Rb3 Qb5 22.Nxd6 Bxb3 23.Nxb5 Bxd1
24.Bxd1 Bd2+ 25.Kf1 c6 26.Nd6 Bxb4 27.Nxb7 Nf6 28.dxc6 Rc8 29.Nd6 Rxf2+ 30.Kxf2 Bxc5+
31.Ke2 Bxd6 32.Ba4 Rb8 33.Rd1 Bc7 34.Kd3 Rb4 35.Ra1 Kf8 36.Kc3 Rb6 37.Rd1 Ke7
38.g3 Bd6 39.Rd3 Ne8 40.f4 Nf6  0-1

[Event "Copenhagen op"]
[Site "Copenhagen"]
[Date "1987.??.??"]
[Round "4"]
[White "Grooten, Herman"]
[Black "Brinck Claussen, Bjorn"]
[Result "0-1"]
[WhiteElo "2340"]
[BlackElo "2395"]

1.d4 Nf6 2.Nf3 g6 3.c4 Bg7 4.Nc3 O-O 5.e4 d6 6.Be2 e5 7.Be3 h6 8.dxe5 Ng4
9.Bf4 Nxe5 10.Qd2 Kh7 11.Nd4 Nbd7 12.O-O Nc5 13.Be3 Re8 14.b4 Ne6 15.f4 Nxd4
16.Bxd4 Nd7 17.Bxg7 Kxg7 18.Rae1 Nf6 19.Bd3 c6 20.Kh1 Be6 21.Re3 Qe7 22.Rg3 Bd7
23.Bc2 Rad8 24.Qe2 Bc8 25.h3 h5 26.Qf2 h4 27.Re3 Nh5 28.Ne2 Qf6 29.Qe1 b6
30.Kg1 Re7 31.e5 dxe5 32.fxe5 Qg5 33.Qc3 c5 34.bxc5 bxc5 35.Rff3 Be6 36.Qa5 Rb7
37.Qxc5 Rc8 38.Qd6 Bxc4 39.Nd4 Rd8 40.Qc5 Nf4 41.Rf2 Bd5 42.e6 Nxg2 43.Be4 Nxe3+  0-1

[Event "Copenhagen op"]
[Site "Copenhagen"]
[Date "1987.??.??"]
[Round "6"]
[White "Douven, Rudy C"]
[Black "Mortensen, Erling"]
[Result "0-1"]
[WhiteElo "2425"]
[BlackElo "2440"]

1.d4 Nf6 2.Nf3 g6 3.c4 Bg7 4.Nc3 O-O 5.e4 d6 6.Be2 e5 7.Be3 Ng4 8.Bg5 f6
9.Bh4 Nc6 10.d5 Ne7 11.Nd2 h5 12.h3 Nh6 13.Qb3 c5 14.O-O-O Rb8 15.f3 g5 16.Bf2 f5
17.Qa3 a6 18.exf5 Nexf5 19.g4 Nd4 20.Bxd4 exd4 21.Nce4 h4 22.Nf2 Nf7 23.Nd3 Ne5
24.Nxe5 Bxe5 25.Bd3 b5 26.Bc2 Rf7 27.Rde1 Qf6 28.Qd3 Bd7 29.Rhf1 Bf4 30.b3 Qd8
31.Re4 bxc4 32.bxc4 Qf6 33.Rfe1 Kf8 34.Rf1 Re7 35.Rfe1 Rf7 36.Rf1 Re8 37.Kd1 Be3
38.Qa3 Bxd2 39.Kxd2 Rxe4 40.Bxe4 Qf4+ 41.Ke2 Qh2+ 42.Rf2 Qxh3 43.Qxa6 Qg3
44.Qa5 Qe5 45.Kd3 Kg7 46.Re2 Qf4 47.Qe1 Be8 48.Qd2 Qxd2+ 49.Kxd2 Ra7 50.Bc2 Kf8
51.Bb3 Re7 52.Rf2 Kg7 53.a4 Rb7 54.Bd1 Rb4 55.a5 Bd7 56.f4 gxf4 57.Rxf4 Rb2+
58.Ke1 Ra2 59.Re4 Kf6 60.Rf4+ Kg6  0-1

[Event "Copenhagen op"]
[Site "Copenhagen"]
[Date "1987.??.??"]
[Round "8"]
[White "Nilsson, Nils Specht"]
[Black "Hvenekilde, Jorgen"]
[Result "1/2-1/2"]
[WhiteElo "2230"]
[BlackElo "2295"]

1.c4 Nf6 2.Nc3 g6 3.d4 Bg7 4.e4 O-O 5.Nf3 d6 6.Be2 e5 7.dxe5 dxe5 8.Qxd8 Rxd8
9.Bg5 c6 10.Nxe5 Re8 11.f4 Na6 12.O-O-O Nc5 13.Bf3 Ne6 14.Bxf6 Bxf6 15.Ng4 Bg7
16.Ne2 Nc5 17.Nf2 a5 18.b3 h5 19.e5 Bh6 20.Kb2 Bf5 21.g3 f6 22.Nd4 fxe5 23.Nxf5 gxf5
24.Bxh5 Red8 25.fxe5 Be3 26.Rxd8+ Rxd8 27.Rd1 Rd4 28.e6 Nxe6 29.Nd3 Kg7 30.Ne1 Kf6
31.Rxd4 Nxd4 32.Kc3 Ne6 33.Be2 Ng5 34.Bf3 Bc5 35.h4 Bb4+ 36.Kd3 Bxe1 37.hxg5+ Kxg5
38.a3 Bxg3 39.b4 Be1 40.b5 cxb5 41.cxb5 b6 42.a4 Kf4 43.Ke2 Bb4 44.Bg2 Bd6
45.Bc6 Ke5 46.Kd3 Be7 47.Bg2 Kd6 48.Kc4  1/2-1/2

[Event "Debrecen"]
[Site "Debrecen"]
[Date "1987.??.??"]
[Round "9"]
[White "Karsa, Laszlo"]
[Black "Suetin, Alexey S"]
[Result "1-0"]
[WhiteElo "2435"]
[BlackElo "2400"]

1.d4 Nf6 2.Nf3 g6 3.c4 Bg7 4.Nc3 O-O 5.e4 d6 6.Be2 c6 7.O-O e5 8.d5 a5 9.Bg5 h6
10.Bh4 Na6 11.Nd2 Nc5 12.Rb1 Qc7 13.b3 Bd7 14.a3 cxd5 15.Bxf6 Bxf6 16.Nxd5 Qd8
17.Bg4 Bc6 18.b4 axb4 19.axb4 Bxd5 20.exd5 Na6 21.Be2 Be7 22.Qb3 Qd7 23.Rfc1 Rfd8
24.Ne4 Kg7 25.g3 f5 26.Nc3 Nc7 27.Rd1 Qe8 28.Ra1 Rxa1 29.Rxa1 Ra8 30.Rd1 Qf8
31.c5 e4 32.c6 b6 33.Nb5 Nxb5 34.Bxb5 Ra7 35.Qc4 Bd8 36.Ba6 Re7 37.Bc8 Qf6
38.Be6 Ra7 39.Kg2 Qb2 40.Rc1 b5 41.Rc2 Qb1 42.Qd4+  1-0

[Event "Delmenhorst"]
[Site "Delmenhorst"]
[Date "1987.??.??"]
[Round "?"]
[White "Borik, Otto"]
[Black "Breutigam, Martin"]
[Result "1-0"]
[WhiteElo "2340"]
[BlackElo "2275"]

1.Nf3 Nf6 2.c4 g6 3.Nc3 Bg7 4.e4 d6 5.d4 O-O 6.Be2 e5 7.Be3 h6 8.O-O Ng4
9.Bc1 Nd7 10.d5 f5 11.g3 Qe8 12.Nb5 Qd8 13.Nh4 Nc5 14.Nxg6 Rf7 15.exf5 Nf6
16.Nh4 Nce4 17.Be3 c6 18.Nc3 Nxc3 19.bxc3 b5 20.dxc6 bxc4 21.Bxc4 d5 22.Bb3 Ba6
23.Re1 Rc8 24.Ng6 Qd6 25.c4 d4 26.c5 Qxc5 27.Rc1 Qd6 28.f4 Nd5 29.fxe5 Bxe5
30.Nxe5 Qxe5 31.Qxd4  1-0

[Event "Dortmund (Women)"]
[Site "Dortmund"]
[Date "1987.??.??"]
[Round "11"]
[White "Gadau, R."]
[Black "Nagrocka, Ewa"]
[Result "0-1"]
[WhiteElo "2095"]
[BlackElo "2055"]

1.d4 Nf6 2.Nf3 g6 3.c4 Bg7 4.Nc3 d6 5.e4 O-O 6.Be2 Nbd7 7.O-O e5 8.Re1 Re8
9.d5 h6 10.Bf1 g5 11.Be3 Nf8 12.c5 Ng6 13.cxd6 cxd6 14.g3 a6 15.Qb3 Bg4 16.Bg2 Qd7
17.Nd2 Bh3 18.f3 Bxg2 19.Kxg2 g4 20.Qd1 b5 21.fxg4 Nxg4 22.Bg1 h5 23.Qf3 h4
24.b4 h3+ 25.Kh1 Rac8 26.Rac1 Bh6 27.Qd3 Qe7 28.Rc2 Rc7 29.Nd1 Rec8 30.Rxc7 Qxc7
31.Ne3 Bxe3 32.Bxe3 Qc3 33.Qxc3 Rxc3 34.Bb6 Rc2 35.Nf3 Ne7 36.Bd8 Kf8 37.Bb6 Ke8
38.Kg1 Rg2+ 39.Kh1 Rc2 40.a3 f6 41.Bg1 Rc3 42.Nd2 Rxa3 43.Rb1 Ra2 44.Nf3 Kd7
45.Bb6 Nc8 46.Bg1 Re2 47.Ra1 Rxe4 48.Rxa6 Rxb4 49.Ra1 Ra4 50.Rb1 b4 51.Nd2 f5
52.Nf3 Ne7 53.Ng5 Nxd5 54.Nxh3 Nc3 55.Rf1 b3  0-1

[Event "HUN-ch op"]
[Site "Eger"]
[Date "1987.??.??"]
[Round "?"]
[White "Tolk, Peter"]
[Black "Vogt, Lothar"]
[Result "1-0"]
[WhiteElo "2255"]
[BlackElo "2460"]

1.d4 Nf6 2.c4 g6 3.Nc3 Bg7 4.e4 d6 5.Be2 O-O 6.Nf3 e5 7.d5 a5 8.O-O Na6 9.Bg5 h6
10.Bh4 Qe8 11.Nd2 Bd7 12.Rc1 Nh7 13.f3 h5 14.Nb5 Bh6 15.Rc3 Qb8 16.Nb3 a4
17.Nc1 c6 18.dxc6 bxc6 19.Nxd6 Qxb2 20.Rc2 Qd4+ 21.Qxd4 exd4 22.Nd3 Be3+
23.Kh1 Rfb8 24.c5 Be6 25.f4 Nb4 26.Nxb4 Rxb4 27.Bf2 Bxf4 28.a3 Rb3 29.Bxd4 Be3
30.Be5 Rxa3 31.h3 Ra2 32.Rxa2 Bxa2 33.Rf3 Bxc5 34.Rc3 Bb4 35.Rxc6 a3 36.Nc4 Bf8
37.Bd4 Bb1 38.Nd2 a2 39.Ba1 Rd8 40.Nb3 Bxe4 41.Ra6 Rb8 42.Bc4 Bd3 43.Bxd3 Rxb3
44.Rxg6+ Bg7 45.Rxg7+ Kf8 46.Rxf7+ Ke8 47.Bc4 Rb1+ 48.Rf1  1-0

[Event "HUN-ch op"]
[Site "Eger"]
[Date "1987.??.??"]
[Round "?"]
[White "Orgovan, Sandor"]
[Black "Velvart, Peterne"]
[Result "1-0"]
[WhiteElo "2365"]
[BlackElo "2210"]

1.d4 Nf6 2.Nf3 g6 3.c4 Bg7 4.Nc3 O-O 5.e4 d6 6.Be2 Nbd7 7.O-O e5 8.Be3 Ne8
9.Qc2 c6 10.Rad1 f5 11.dxe5 dxe5 12.exf5 gxf5 13.Ng5 Qf6 14.c5 h6 15.Qb3+ Kh8
16.Ne6 Rf7 17.Bh5 Re7 18.Bxe8 Rxe8 19.Nc7 Rg8 20.Nxa8 f4 21.Rd6 Qh4 22.Ne4 Bf8
23.g3 Qh3 24.Qe6 Nxc5 25.Qxh3 Bxh3 26.Bxc5 Bxf1 27.Rd8 fxg3 28.Bxf8  1-0

[Event "HUN-ch op"]
[Site "Eger"]
[Date "1987.??.??"]
[Round "?"]
[White "Tolk, Peter"]
[Black "Portisch, Ferenc"]
[Result "1/2-1/2"]
[WhiteElo "2255"]
[BlackElo "2440"]

1.d4 Nf6 2.c4 g6 3.Nc3 Bg7 4.e4 d6 5.Be2 O-O 6.Nf3 e5 7.d5 a5 8.O-O Na6 9.Bg5 h6
10.Bh4 Qe8 11.Nd2 Nxe4 12.Ndxe4 f5 13.f3 fxe4 14.Nxe4 Bf5 15.Bd3 b6 16.Bf2 Nc5
17.Bxc5 bxc5 18.g4 Bxe4 19.Bxe4 Bf6 20.Kg2 Kg7 21.Qd3 Bg5 22.Rh1 Bh4 23.Kh3 Bf2
24.Kg2  1/2-1/2

[Event "Frunze"]
[Site "Frunze"]
[Date "1987.??.??"]
[Round "?"]
[White "Kanstler, Boris"]
[Black "Yurtaev, Leonid"]
[Result "0-1"]
[WhiteElo "2450"]
[BlackElo "2460"]

1.Nf3 Nf6 2.d4 g6 3.c4 Bg7 4.Nc3 O-O 5.e4 d6 6.Be2 e5 7.Be3 exd4 8.Nxd4 Re8
9.Qc2 Ng4 10.Bxg4 Bxg4 11.O-O c5 12.Nde2 Nc6 13.Ng3 Nd4 14.Qd2 Qa5 15.Bh6 Bh8
16.Rac1 b5 17.cxb5 Nxb5 18.Nxb5 Qxb5 19.b3 Be6 20.Rfd1 Rad8 21.Be3 a5 22.Ne2 Qb4
23.Nc3 Be5 24.Bf4 Bd4 25.Be3 Bxe3 26.Qxe3 d5 27.Qd2 dxe4 28.Qxd8 Rxd8 29.Rxd8+ Kg7
30.Rdd1 c4 31.bxc4 Bxc4 32.Re1 Bd3 33.Nd5 Qa3 34.Nc3 h5 35.g3 h4 36.Kg2 e3
37.Rxe3 h3+ 38.Kf3 Qxc1 39.Rxd3 Qh1+  0-1

[Event "Gausdal Int"]
[Site "Gausdal"]
[Date "1987.??.??"]
[Round "?"]
[White "Bellon Lopez, Juan Manuel"]
[Black "Popovych, Orest"]
[Result "1-0"]
[WhiteElo "2380"]
[BlackElo "2320"]

1.d4 Nf6 2.Nf3 g6 3.c4 Bg7 4.Nc3 O-O 5.e4 d6 6.Be2 Nbd7 7.O-O e5 8.Re1 c6
9.dxe5 dxe5 10.b3 Re8 11.Qc2 b6 12.Bb2 Bb7 13.Rad1 Qe7 14.a3 a5 15.Na4 Rac8
16.Qb1 Rc7 17.Bf1 Ba6 18.Qa2 Bf8 19.g3 Ng4 20.h3 Ngf6 21.c5 b5 22.b4 Ra7
23.Nb6 Nxc5 24.Nxe5 Ncxe4 25.Nxc6 Qc7 26.Nxa7 Qxb6 27.Bd4 Qc7 28.Nxb5 Qb8
29.Bxf6 Bxb5 30.Bxb5 Qxb5 31.Ba1 axb4 32.Qb2 f6 33.Rd4 Ng5 34.Rxe8 Qxe8 35.Rd1 Nf3+
36.Kg2 Ne5 37.Qb3+ Kg7 38.axb4 Qa8+ 39.f3 Qa6 40.b5 Qb7 41.Qd5  1-0